Jawab do vikramaditya(जवाब दो विक्रमादित्य) (Record no. 114102)

MARC details
000 -LEADER
fixed length control field 00468 a2200157 4500
005 - DATE AND TIME OF LATEST TRANSACTION
control field 20260330112321.0
008 - FIXED-LENGTH DATA ELEMENTS--GENERAL INFORMATION
fixed length control field 260225b |||||||| |||| 00| 0 eng d
020 ## - INTERNATIONAL STANDARD BOOK NUMBER
International Standard Book Number 9788181430885
080 ## - UNIVERSAL DECIMAL CLASSIFICATION NUMBER
Universal Decimal Classification number 89H(047.53)
Item number YAD/J
100 ## - MAIN ENTRY--PERSONAL NAME
Personal name Yadav,Rajendra
245 ## - TITLE STATEMENT
Title Jawab do vikramaditya(जवाब दो विक्रमादित्य)
260 ## - PUBLICATION, DISTRIBUTION, ETC. (IMPRINT)
Name of publisher, distributor, etc Vani Prakashan.
Place of publication, distribution, etc New Delhi.
Date of publication, distribution, etc 2009.
300 ## - PHYSICAL DESCRIPTION
Extent 267p.
653 ## - INDEX TERM--UNCONTROLLED
Uncontrolled term Interviews-Hindi Literature
942 ## - ADDED ENTRY ELEMENTS (KOHA)
item type Under processing
Holdings
Lost status Source of classification or shelving scheme Not for loan Home library Current library Shelving location Date acquired Cost, normal purchase price Total Checkouts Full call number Barcode Date last seen Cost, replacement price Price effective from Koha item type
  Universal Decimal Classification Not For Loan University Library University Library On Display 13/01/2025 195.00   89H(047.53) YAD/J 00096431 13/01/2025 300.00 13/01/2025 Books
University Library, CUSAT